| 000 | 01499nam a22003857a 4500 | ||
|---|---|---|---|
| 003 | CHAP | ||
| 005 | 20220329143254.0 | ||
| 008 | 071126d2007 mx r 00110 spa d | ||
| 010 | _a94269 | ||
| 011 | _a95241 | ||
| 035 | _a105854 | ||
| 040 | _cCHAP | ||
| 090 | _aTesis | ||
| 100 | 0 | 0 |
_aRuiz Salazar, José Guadalupe. _9100778 |
| 245 | 1 | 0 |
_aCaracterización del estado de salud de plantas de tomate (Lycopersicon esculentum Mill.) mediante índices de estrés _c/por José Guadalupe Ruiz Salazar |
| 260 |
_aMontecillo Edo. de México : _bEl autor, _c2007 |
||
| 300 |
_a124 h. : _bilus. ; gráfs. ; cuadros |
||
| 502 | _aTesis (Dr. en Ciencias) -- C.P. Postgrado de Hidrociencias | ||
| 590 |
_aALEPH _b10 _c20130110 _lUCH01 _h1521 |
||
| 590 |
_aBATCH-UPD _b10 _c20130110 _lUCH01 _h1954 |
||
| 590 |
_aBATCH-UPD _b10 _c20130410 _lUCH01 _h1315 |
||
| 590 |
_aBATCH-UPD _b10 _c20130914 _lUCH01 _h1131 |
||
| 590 |
_aCONVERSION _b10 _c20130109 _lUCH01 _h1352 |
||
| 650 | 1 | 4 |
_aCultivos en invernadero. _930376 |
| 650 | 1 | 4 |
_aEstrés de sequía. _938473 |
| 650 | 1 | 4 |
_aNitrógeno _xEfecto en plantas. _981457 |
| 650 | 1 | 4 |
_aPlásticos en agricultura. _989199 |
| 650 | 1 | 4 |
_aTomate _zMéxico (Edo.). _9113786 |
| 901 | _aBK | ||
| 905 | _aLuisgm | ||
| 942 | _cFOLL | ||
| 949 |
_aTesis _bBC _cTES _d33724002043439 _eTS2 _fc.3 _gDonaciØn _h47373 _i105854 _sb |
||
| 949 |
_aTesis _bBC _cTES _d33724002044504 _eTS1 _gDonaciØn _h47413 _i105854 _sb |
||
| 949 |
_aTesis _bBC _cTES _d33724002044545 _eTS2 _fc.2 _gDonaciØn _h47414 _i105854 _sb |
||
| 999 |
_c94269 _d94269 |
||